Olympischer Medaillenspiegel - Wasserball - Statistiken

Allgemein
  • Dieses Quiz wurde 36 mal gespielt
  • Das Durchschnittsergebnis liegt bei 14 aus 17
Antwortstatistiken
Gesamt Gold Silber Bronze Land % Korrekt
15 4 6 5 Vereinigte Staaten
100%
4 1 0 3 Frankreich
97%
10 4 3 3 Italien
94%
4 0 1 3 Russland
88%
4 1 3 0 Spanien
88%
4 1 2 1 Deutschland
85%
4 2 0 2 Serbien
85%
2 0 2 0 Griechenland
82%
3 1 2 0 Kroatien
82%
7 2 2 3 Sowjetunion
82%
3 1 0 2 Australien
79%
17 9 3 5 Ungarn
79%
8 3 4 1 Jugoslawien
76%
3 1 0 2 Niederlande
71%
3 0 1 2 Schweden
68%
4 4 0 0 Großbritannien
62%
6 0 4 2 Belgien
59%
Keine übereinstimmenden Quizze gefunden
Verteilung der Resultate
Anzahl Personen mit jedem Resultat
Perzentil nach korrekt beantworteten Fragen
Ihre Resultats-Entwicklung
Sie haben dieses Quiz noch nicht gespielt